| 000 | 00543pab a2200193 454500 | ||
|---|---|---|---|
| 008 | 180718b1996 xxu||||| |||| 00| 0 eng d | ||
| 100 | _aCopper, Reid | ||
| 245 | _aMunicipal law, delegated legislation and democracy | ||
| 260 | _c1996 | ||
| 300 | _ap.290-313 | ||
| 362 | _aFall | ||
| 650 | _aDemocracy - Canada | ||
| 650 | _aDelegated legislation - Canada | ||
| 650 | _aMunicipal government - Canada | ||
| 650 | _aLocal government - Canada | ||
| 650 | _aLocal government | ||
| 773 | _aCanadian Public Administration | ||
| 909 | _a33826 | ||
| 999 |
_c33826 _d33826 |
||